The contexts reader / (Record no. 2456)

MARC details
000 -LEADER
fixed length control field 00715cam a2200229 4500
001 - CONTROL NUMBER
control field 3055
005 - DATE AND TIME OF LATEST TRANSACTION
control field 20181127170407.0
008 - FIXED-LENGTH DATA ELEMENTS--GENERAL INFORMATION
fixed length control field 070330s2008 nyua b 000 0 eng
010 ## - LIBRARY OF CONGRESS CONTROL NUMBER
LC control number 2007013478
020 ## - INTERNATIONAL STANDARD BOOK NUMBER
International Standard Book Number 0393929892 (pbk.)
International Standard Book Number 9780393929898 (pbk.)
245 04 - TITLE STATEMENT
Title The contexts reader /
Statement of responsibility, etc. edited by Jeff Goodwin and James M. Jasper.
250 ## - EDITION STATEMENT
Edition statement 1st ed.
260 ## - PUBLICATION, DISTRIBUTION, ETC.
Place of publication, distribution, etc. New York :
Name of publisher, distributor, etc. W.W. Norton,
Date of publication, distribution, etc. c2008.
300 ## - PHYSICAL DESCRIPTION
Extent ix, 515 p. :
Other physical details ill. ;
Dimensions 24 cm.
500 ## - GENERAL NOTE
General note ""American Sociological Association.""
504 ## - BIBLIOGRAPHY, ETC. NOTE
Bibliography, etc. note Includes bibliographical references.
650 #0 - SUBJECT ADDED ENTRY--TOPICAL TERM
Topical term or geographic name entry element Social problems.
700 1# - ADDED ENTRY--PERSONAL NAME
Personal name Goodwin, Jeff.
Personal name Jasper, James M.,
Dates associated with a name 1957-
710 2# - ADDED ENTRY--CORPORATE NAME
Corporate name or jurisdiction name as entry element American Sociological Association.
Holdings
Withdrawn status Lost status Source of classification or shelving scheme Damaged status Not for loan Collection code Home library Current library Shelving location Serial Enumeration / chronology Inventory number Total Checkouts Full call number Barcode Date last seen Price effective from Koha item type
    Dewey Decimal Classification     Main TEST RTC Library RTC Library Main opac 2954   361.01973 GOO 30003647 27/11/2018 27/11/2018 Main
Royal Thimphu College || All Right Reserved